| 000 | 01911nam a2200337 a 4500 | ||
|---|---|---|---|
| 001 | 15596045 | ||
| 005 | 20091113133516.0 | ||
| 008 | 090123s2009 njua | b 001 0 eng d | ||
| 020 | _a9780135045831 | ||
| 020 | _a0135045835 | ||
| 040 |
_aDLC _cDLC _dDLC |
||
| 050 | 0 | 0 |
_aTK5105.5 _b.C5897 2009 |
| 082 | 0 | 0 |
_a004.6 _222 _bCOM |
| 100 | 1 |
_aComer, Douglas. _920134 |
|
| 245 | 1 | 0 |
_aComputer Networks and Internets / _cDouglas E. Comer. |
| 250 |
_a5th ed. _bPearson International Edition |
||
| 260 |
_aUpper Saddle River, N.J. : _bPearson/Prentice Hall, _cc2009. |
||
| 300 |
_axxvii, 600 p. : _bill. ; _c25 cm. + _e1 CD-ROM (4 3/4 in.) |
||
| 504 | _aIncludes bibliographical references and index. | ||
| 541 | _aBacca ; | ||
| 650 | 0 |
_aComputer networks. _920135 |
|
| 650 | 0 |
_aInternetworking (Telecommunication) _920136 |
|
| 942 |
_2ddc _cBB |
||
| 999 |
_c14755 _d14755 |
||